000
00275nam a2200121Ia 4500
008
190216s9999||||xx |||||||||||||| ||und||
100
_a
Mathew &joseph
245
0
_a
Introduction To Zoology
260
_b
S Chand & Co
300
_a
xxp
650
_a
Zoology
942
_c
BK
999
_c
37327
_d
37327